El libro de los mil sabios (Record no. 113679)

MARC details
000 -LEADER
campo de control de longitud fija 00690nam a2200205 4500
001 - NÚMERO DE CONTROL
campo de control 113679
003 - IDENTIFICADOR DE NÚMERO DE CONTROL
campo de control ES-MaACL
005 - FECHA Y HORA DE LA ÚLTIMA TRANSACCIÓN
campo de control 20230906185957.0
007 - CAMPO FIJO DE DESCRIPCIÓN FÍSICA--INFORMACIÓN GENERAL
campo de control de longitud fija t|
008 - DATOS DE LONGITUD FIJA--INFORMACIÓN GENERAL
campo de control de longitud fija 061121s1961 sp r ||||1| spa d
080 ## - NÚMERO DE LA CLASIFICACIÓN DECIMAL UNIVERSAL
Número de la Clasificación Decimal Universal 82-84(082.2)
100 1# - ENTRADA PRINCIPAL--NOMBRE DE PERSONA
Nombre de persona Palazzi, F.
9 (RLIN) 88523
245 13 - MENCIÓN DEL TÍTULO
Título El libro de los mil sabios
Resto del título : máximas, pensamientos, aforismos, paradojas /
Mención de responsabilidad, etc. F. Palazzi, S. Spaventa Felippi ; traducción por Luis Sánchez Sarto.
260 ## - PUBLICACIÓN, DISTRIBUCIÓN, ETC.
Lugar de publicación, distribución, etc. Barcelona :
Nombre del editor, distribuidor, etc. Hoepli,
Fecha de publicación, distribución, etc. 1961.
300 ## - DESCRIPCIÓN FÍSICA
Extensión XI, 1147 p. ;
Dimensiones 24 cm.
650 04 - PUNTO DE ACCESO ADICIONAL DE MATERIA--TÉRMINO DE MATERIA
Término de materia o nombre geográfico como elemento de entrada Máximas y aforismos.
9 (RLIN) 14865
700 1# - ENTRADA AGREGADA--NOMBRE PERSONAL
Nombre de persona Spaventa Felippi, S.
9 (RLIN) 107655
700 1# - ENTRADA AGREGADA--NOMBRE PERSONAL
Nombre de persona Sánchez Sarto, Luis.
9 (RLIN) 102930
852 ## - LOCALIZACIÓN
Ubicación ES-MaACL
Número de control de estantería C-19792
Sublocalización o colección R.47380
Holdings
Estatus retirado Estado de pérdida Estado de daño No para préstamo Biblioteca de origen Biblioteca actual Ubicación en estantería Fecha de adquisición Fuente de adquisición Total de préstamos Signatura topográfica completa Código de barras Visto por última vez Precio de reemplazo Tipo de ítem Koha
        Biblioteca del Ateneo de Madrid Biblioteca del Ateneo de Madrid Galería 17/01/2008     C-19792 1118558 23/02/2023 23/02/2023 Libro impreso